122_ Personnalités nées un 2 mai par images - Statistiques

Statistiques générales
  • Ce quiz a été pris 42 fois
    24 depuis la dernière actualisation
  • Le résultat moyen est 5 sur 12
Statistiques - réponses
Par images Hint Réponse % Correct
Acteur Dwayne Johnson
87%
Footballeur David Beckham
83%
Rappeur Dadju
70%
Chanteur Tayc
61%
Chanteuse Lorie Pester
52%
Politicien Édouard Balladur
39%
Boxeuse Imane Khelif
26%
Famille Royale Charlotte de Cambridge
22%
Rappeur L'Algérino
22%
Handballeuse Allison Pineau
17%
Dirigeante Politique Catherine II
13%
Chanteuse Lily Allen
9%
Aucun quiz correspondant
Distribution des résultats
% des personnes avec chaque résultat
Percentile par nombre de réponses
Votre historique - résultats
Vous n’avez pas pris ce quiz depuis la dernière actualisation